[Event "Chorzow OPEN FIDE"]
[Site "MDK Chorzow Batory"]
[Date "2010.03.23"]
[Round "4.8"]
[White "Widera, Jan"]
[Black "Bezimienny, Daniel"]
[Result "1/2-1/2"]
[WhiteElo "2065"]
[BlackElo "1828"]
[PlyCount "98"]
[EventDate "2010.??.??"]

1. e4 e6 2. d4 d5 3. Nc3 Nf6 4. e5 Nfd7 5. f4 c5 6. Nf3 Nc6 7. Be3 cxd4 8. Nxd4
Bb4 9. Qd2 Nc5 10. Bd3 Nxd3+ 11. Qxd3 a6 12. O-O O-O 13. Nce2 Bd7 14. Rf3 f6
15. exf6 Qxf6 16. Rh3 g6 17. Rf3 Bc5 18. c3 Rae8 19. Nxc6 Bxe3+ 20. Qxe3 Bxc6
21. Nd4 Bd7 22. Re1 Qh4 23. g3 Qf6 24. Rf2 Re7 25. Rfe2 Rfe8 26. Nf3 Bb5 27.
Rd2 Bc4 28. b3 Bb5 29. a4 Bc6 30. Ne5 Rc8 31. Rde2 Be8 32. Qd4 Rec7 33. Re3 Qf5
34. c4 dxc4 35. Nxc4 Rc6 36. Nd6 Rxd6 37. Qxd6 Bf7 38. Rxe6 Rc2 39. Re8+ Bxe8
40. Rxe8+ Kg7 41. Qe5+ Qxe5 42. Rxe5 Kf6 43. Rd5 Rb2 44. Rd6+ Kf5 45. Rb6 Ke4
46. Rxb7 Kf3 47. h4 Rb1+ 48. Kh2 Rb2+ 49. Kh3 Rb1 1/2-1/2

[Event "Chorzow OPEN FIDE"]
[Site "MDK Chorzow Batory"]
[Date "2010.03.23"]
[Round "4.9"]
[White "Czornik, Janusz"]
[Black "Matczyk, Bartosz"]
[Result "0-1"]
[WhiteElo "1829"]
[BlackElo "2013"]
[PlyCount "60"]
[EventDate "2010.??.??"]

1. e4 Nc6 2. d4 e5 3. d5 Nce7 4. Nf3 Ng6 5. Nc3 Nf6 6. Bd3 Bc5 7. Na4 Bb4+ 8.
c3 Be7 9. h3 O-O 10. c4 Nh5 11. g4 Nhf4 12. Bxf4 Nxf4 13. Nxe5 Bb4+ 14. Kf1 d6
15. Nf3 Re8 16. a3 Ba5 17. b4 Bb6 18. Qd2 Qf6 19. e5 Rxe5 20. Nxe5 Bd4 21. Re1
Bxe5 22. Be4 Bd7 23. Qc2 h5 24. f3 b5 25. Nc5 dxc5 26. bxc5 bxc4 27. Rb1 Rf8
28. Qxc4 Bc8 29. c6 Qh4 30. Rb3 Qg3 0-1

[Event "Chorzow OPEN FIDE"]
[Site "MDK Chorzow Batory"]
[Date "2010.03.23"]
[Round "4.12"]
[White "Slawski, Kazimierz"]
[Black "Polap, Miroslaw"]
[Result "1/2-1/2"]
[WhiteElo "2500"]
[BlackElo "2500"]
[PlyCount "115"]
[EventDate "2010.??.??"]

1. e4 e5 2. Nf3 Nc6 3. Nc3 Bc5 4. a3 Nf6 5. Be2 O-O 6. O-O d6 7. d3 h6 8. Bd2
a6 9. b4 Ba7 10. Rb1 Nd4 11. Nxd4 Bxd4 12. Bf3 Be6 13. Ne2 Ba7 14. c4 b5 15.
Qc1 c6 16. Be3 Bxe3 17. fxe3 bxc4 18. dxc4 Qe7 19. Ng3 g6 20. Rd1 Kg7 21. Qc3
Nd7 22. Qd3 Nb6 23. Rbc1 Rfd8 24. Be2 Qg5 25. Kh1 h5 26. Qc3 h4 27. Nf1 h3 28.
g3 Bg4 29. Qe1 f5 30. exf5 Qxf5 31. Nd2 Rf8 32. e4 Qe6 33. Bxg4 Qxg4 34. Qe3
Nd7 35. Rf1 Rf6 36. Rxf6 Nxf6 37. Re1 c5 38. Qf3 cxb4 39. Qxg4 Nxg4 40. axb4
Rf8 41. Re2 Rb8 42. b5 axb5 43. cxb5 Rxb5 44. Re1 Rb2 45. Re2 Rc2 46. Kg1 Rc1+
47. Nf1 Rd1 48. Rd2 Re1 49. Rxd6 Rxe4 50. Rd7+ Kh6 51. Rd8 Kg5 52. Rh8 Nh6 53.
Nd2 Re2 54. Nf3+ Kg4 55. Nxe5+ Rxe5 56. Rxh6 g5 57. Kf2 Ra5 58. Re6 1/2-1/2

[Event "Chorzow OPEN FIDE"]
[Site "MDK Chorzow Batory"]
[Date "2010.03.23"]
[Round "4.13"]
[White "Blasiak, Miroslaw"]
[Black "Tomanek, Jerzy"]
[Result "1-0"]
[WhiteElo "2003"]
[BlackElo "1866"]
[PlyCount "121"]
[EventDate "2010.??.??"]

1. e4 e6 2. d4 d5 3. Nc3 dxe4 4. Nxe4 Nf6 5. Nxf6+ Qxf6 6. Nf3 h6 7. Bd3 Bd6 8.
O-O O-O 9. Qe2 Nd7 10. Re1 Re8 11. Ne5 Nf8 12. c3 a6 13. Qh5 Be7 14. Re3 g6 15.
Qxh6 Qg7 16. Rf3 f5 17. g4 Bf6 18. gxf5 exf5 19. Rg3 Bxe5 20. dxe5 Rxe5 21. Bf4
Re7 22. Qh4 Be6 23. Re1 Qf7 24. Be5 Qh7 25. Qg5 Kf7 26. Bf6 Rd7 27. Bd4 Rxd4
28. cxd4 c6 29. b3 Qg7 30. Bc4 Re8 31. Qf4 Re7 32. Rge3 Qf6 33. Qd6 Qg5+ 34.
Rg3 Qf6 35. f4 b5 36. Bxe6+ Nxe6 37. Re5 Nf8 38. Rxe7+ Qxe7 39. Qe5 Qd7 40. Rh3
Qe7 41. Re3 Qd7 42. Rd3 Ne6 43. d5 cxd5 44. Rxd5 Qa7+ 45. Kg2 Qb7 46. Kg3 Qa7
47. Qe1 Qc7 48. Re5 Qd6 49. Qe3 Ng7 50. Qc5 Nh5+ 51. Kf3 Qd1+ 52. Re2 Qf1+ 53.
Rf2 Qh1+ 54. Ke2 Qe4+ 55. Kd2 Kg7 56. Qe5+ Qxe5 57. fxe5 Kf7 58. Ke3 Ke6 59.
Rg2 Kxe5 60. Rxg6 Nf4 61. Rxa6 1-0

[Event "Chorzow OPEN FIDE"]
[Site "MDK Chorzow Batory"]
[Date "2010.03.23"]
[Round "4.15"]
[White "Michalski, Edmund"]
[Black "Richter, Bronislaw"]
[Result "1-0"]
[WhiteElo "1906"]
[BlackElo "1834"]
[PlyCount "85"]
[EventDate "2010.??.??"]

1. d4 b5 2. e4 Bb7 3. Bd3 e6 4. Nf3 c5 5. c3 c4 6. Bc2 a5 7. O-O b4 8. Nbd2 Qc7
9. Re1 Be7 10. Ne5 d5 11. Qg4 Bf6 12. exd5 Bxd5 13. Ba4+ Kf8 14. Ne4 h5 15. Qg3
Bxe5 16. dxe5 Bxe4 17. Rxe4 Ne7 18. Bg5 Qc5 19. Rd1 Nbc6 20. Be3 h4 21. Qh3
Qxe5 22. Rxe5 Nxe5 23. Rd4 Nf5 24. Re4 Nd3 25. b3 Nb2 26. Bc5+ Kg8 27. cxb4 Rd8
28. Re1 Rd3 29. Qg4 c3 30. Bb5 Rd2 31. Qf4 Kh7 32. Rc1 axb4 33. Qxb4 Nd1 34.
Kf1 Rhd8 35. Ke1 Nd4 36. Bxd4 R8xd4 37. Qxd4 Rxd4 38. Rxd1 Re4+ 39. Kf1 Re5 40.
Bc4 g5 41. Rc1 f5 42. Rxc3 Re4 43. Re3 1-0

[Event "Chorzow OPEN FIDE"]
[Site "MDK Chorzow Batory"]
[Date "2010.03.23"]
[Round "4.17"]
[White "Faron, Rafal"]
[Black "Solek, Zenon"]
[Result "1-0"]
[WhiteElo "1721"]
[BlackElo "1895"]
[PlyCount "95"]
[EventDate "2010.??.??"]

1. d4 Nf6 2. c4 g6 3. Nc3 d5 4. Bf4 Bg7 5. e3 O-O 6. Bd3 c5 7. Nge2 Nc6 8. dxc5
dxc4 9. Bxc4 Qa5 10. O-O Qxc5 11. Bb3 e5 12. Bg3 Bf5 13. a3 Rad8 14. Qe1 Bd3
15. Ba2 Rd7 16. b4 Qe7 17. Na4 Ne4 18. f3 Nxg3 19. hxg3 Bh6 20. Qf2 Bc2 21.
Nec3 Bxa4 22. Nxa4 Rfd8 23. Rfe1 e4 24. f4 Bg7 25. Rac1 Rd3 26. Nc5 Rxa3 27.
Rc4 Nxb4 28. Rxb4 Qxc5 29. Rxb7 Rf8 30. Bb1 Rd8 31. Ba2 Rf8 32. Bb1 Qd5 33. Re7
f5 34. Rxg7+ Kxg7 35. Qb2+ Kh6 36. Qxa3 Rd8 37. Qxa7 Qd2 38. Rf1 Rd7 39. Qc5
Rd5 40. Qa3 Qe2 41. Qf8+ Kh5 42. Qf7 Qxe3+ 43. Kh2 Kg4 44. Qxd5 Qxg3+ 45. Kh1
Qh4+ 46. Kg1 Kg3 47. Rf3+ Kg4 48. Qd1 1-0

[Event "Chorzow OPEN FIDE"]
[Site "MDK Chorzow Batory"]
[Date "2010.03.23"]
[Round "4.18"]
[White "Marek, Eugeniusz"]
[Black "Stepniewski, Jerzy"]
[Result "1-0"]
[WhiteElo "1887"]
[BlackElo "1794"]
[PlyCount "87"]
[EventDate "2010.??.??"]

1. e4 c5 2. Nf3 Nc6 3. d4 cxd4 4. Nxd4 Qb6 5. Nb3 Nf6 6. Nc3 e6 7. Bd3 Ne5 8.
Be3 Qd8 9. O-O Nfg4 10. Bf4 a6 11. Be2 Ng6 12. Bg3 N4e5 13. f4 Nc6 14. Qd2 h5
15. f5 exf5 16. exf5 Nge5 17. Nd5 h4 18. Bf4 d6 19. Be3 h3 20. g3 Bd7 21. Bb6
Qb8 22. f6 Be6 23. Nc7+ Kd7 24. Nc5+ Kc8 25. N5xe6 fxe6 26. Nxe6 gxf6 27. Qd5
Nb4 28. Qe4 d5 29. Qf5 Qd6 30. Bc5 Qd7 31. Bxf8 Rxf8 32. Nxf8 Qxf5 33. Rxf5 Kd8
34. c3 Nbc6 35. Raf1 Kc7 36. Rxf6 Kb6 37. Ne6 Re8 38. Nd4 Nd7 39. Rh6 Ndb8 40.
Bg4 Ka7 41. Nxc6+ bxc6 42. Bxh3 Re2 43. Rf2 Re1+ 44. Kg2 1-0

[Event "Chorzow OPEN FIDE"]
[Site "MDK Chorzow Batory"]
[Date "2010.03.23"]
[Round "4.19"]
[White "Kurzok, Zenon"]
[Black "Santura, Janusz"]
[Result "0-1"]
[WhiteElo "1682"]
[BlackElo "1876"]
[PlyCount "56"]
[EventDate "2010.??.??"]

1. e4 c6 2. d4 d5 3. Nc3 dxe4 4. Nxe4 Bf5 5. Ng3 Bg6 6. Bc4 e6 7. N1e2 Nf6 8.
O-O Bd6 9. f4 O-O 10. f5 exf5 11. Nxf5 Bxf5 12. Rxf5 Nbd7 13. Bg5 Qc7 14. Bd3
Bxh2+ 15. Kh1 Bd6 16. Nf4 g6 17. Qf3 gxf5 18. Nh5 Nxh5 19. Qxh5 f6 20. Bxf5 Rf7
21. Bh6 Nf8 22. Rf1 Re8 23. Bd3 Qe7 24. Bc4 Ng6 25. Qg4 Qe4 26. Qd7 Qh4+ 27.
Kg1 Bh2+ 28. Kh1 Bg3+ 0-1

[Event "Chorzow OPEN FIDE"]
[Site "MDK Chorzow Batory"]
[Date "2010.03.23"]
[Round "4.21"]
[White "Bogacki, Henryk"]
[Black "Galyga, Jozef"]
[Result "0-1"]
[WhiteElo "1615"]
[BlackElo "1874"]
[PlyCount "52"]
[EventDate "2010.??.??"]

1. e4 e6 2. d4 d5 3. e5 c5 4. c3 Qb6 5. Nf3 Bd7 6. Bd3 Bb5 7. O-O Bxd3 8. Qxd3
cxd4 9. cxd4 Ne7 10. Nbd2 Nbc6 11. a3 Nf5 12. Nb3 a5 13. Be3 a4 14. Nbd2 Be7
15. Rab1 O-O 16. g4 Nxe3 17. fxe3 f6 18. exf6 Rxf6 19. g5 Rf5 20. e4 Rf4 21. h3
Raf8 22. Kg2 Qd8 23. g6 hxg6 24. exd5 Qxd5 25. Qxg6 Nxd4 26. Qg3 Bh4 0-1

[Event "Chorzow OPEN FIDE"]
[Site "MDK Chorzow Batory"]
[Date "2010.03.23"]
[Round "4.23"]
[White "Hendel, Kazimierz"]
[Black "Kostowski, Andrzej"]
[Result "0-1"]
[WhiteElo "1686"]
[BlackElo "1774"]
[PlyCount "198"]
[EventDate "2010.??.??"]

1. e4 c5 2. f4 e6 3. Nf3 Be7 4. Bc4 Bh4+ 5. g3 Be7 6. c3 b6 7. d3 Bb7 8. Be3
Nc6 9. Nbd2 Nf6 10. Ne5 d6 11. Nxc6 Bxc6 12. Qe2 d5 13. Bb3 dxe4 14. dxe4 Nxe4
15. Nxe4 Bxe4 16. Rd1 Qc8 17. Ba4+ Bc6 18. Bb5 a6 19. Bxc6+ Qxc6 20. O-O O-O
21. Qf3 Qa4 22. Qb7 Bf6 23. Qxb6 Qxa2 24. Rd7 Qa4 25. Rb7 c4 26. Qb4 Qc6 27.
Ba7 Qe4 28. Rb8 Rfxb8 29. Bxb8 a5 30. Qb5 Be7 31. Be5 a4 32. Bd4 h6 33. Qxc4
Qb7 34. f5 exf5 35. Rxf5 Bf8 36. Rb5 Qf3 37. Qd5 Qd1+ 38. Kg2 Qe2+ 39. Bf2 Re8
40. Rb7 Re6 41. Qf3 Re7 42. Qxe2 Rxe2 43. Kf3 Rc2 44. Rb8 a3 45. bxa3 Rxc3+ 46.
Ke4 f6 47. Kd5 Kf7 48. Rxf8+ Kxf8 49. a4 Ke8 50. a5 Ra3 51. Be1 Kd7 52. Kc5 Kc7
53. Kb5 Kb7 54. Bb4 Ra2 55. h4 g6 56. Bf8 h5 57. Be7 Rb2+ 58. Kc4 Rf2 59. Kd4
Rf5 60. Bd8 Ka6 61. Ke4 Rf1 62. Ke3 Kb5 63. Ke2 Rf5 64. Ke3 Ka6 65. Ke4 Rf1 66.
Ke3 f5 67. Ke2 Rg1 68. Kf3 Rd1 69. Bb6 Rc1 70. Kf4 Rc4+ 71. Kf3 Ra4 72. Bd8 Kb5
73. Bc7 Kc6 74. Bb6 Kd5 75. Ke3 Ke6 76. Bc7 Kf7 77. Bd8 Kg7 78. Bc7 Kh6 79.
Bf4+ Kg7 80. Be5+ Kf7 81. Bc7 Ra3+ 82. Kf4 Kf6 83. Bd8+ Ke6 84. Bc7 Ra4+ 85.
Kg5 Kf7 86. Kh6 Rc4 87. Bb6 Rc6 88. Be3 Re6 89. Bf4 Kf6 90. Bg5+ Ke5 91. Bf4+
Ke4 92. Kg5 Rc6 93. Bd2 Kf3 94. Bf4 Ra6 95. Bc7 Kf2 96. Kf4 Rc6 97. Bb6+ Kg2
98. Bd4 Rc4 99. Ke5 Kxg3 0-1

[Event "Chorzow OPEN FIDE"]
[Site "MDK Chorzow Batory"]
[Date "2010.03.24"]
[Round "5.1"]
[White "Kalinin, Oleg"]
[Black "Sroka, Janusz"]
[Result "1-0"]
[WhiteElo "2366"]
[BlackElo "2114"]
[PlyCount "47"]
[EventDate "2010.??.??"]

1. d4 Nf6 2. Nf3 d6 3. h3 g6 4. c4 Bg7 5. Nc3 O-O 6. Bf4 Nbd7 7. e3 c5 8. Be2
b6 9. O-O Bb7 10. d5 Qc7 11. e4 a6 12. a4 Ne5 13. Nxe5 dxe5 14. Be3 Ne8 15. a5
Nd6 16. axb6 Qxb6 17. Na4 Qc7 18. Nxc5 Bc8 19. b4 f5 20. f3 fxe4 21. fxe4 Rxf1+
22. Bxf1 Rb8 23. Qd2 Bf6 24. Bd3 1-0

[Event "Chorzow OPEN FIDE"]
[Site "MDK Chorzow Batory"]
[Date "2010.03.24"]
[Round "5.2"]
[White "Kempa, Stefan"]
[Black "Koziak, Vitali"]
[Result "1/2-1/2"]
[WhiteElo "2072"]
[BlackElo "2478"]
[PlyCount "120"]
[EventDate "2010.??.??"]

1. Nf3 c5 2. c4 Nf6 3. Nc3 e6 4. e3 d5 5. d4 dxc4 6. Bxc4 a6 7. dxc5 Qxd1+ 8.
Nxd1 Bxc5 9. a3 O-O 10. b4 Be7 11. Bb2 Nbd7 12. O-O b5 13. Be2 Bb7 14. Nd4 Nb6
15. Nc3 Rfc8 16. Nb3 Ne4 17. Nxe4 Bxe4 18. Bd4 Na4 19. Rac1 f6 20. f4 Kf7 21.
Kf2 Bd6 22. Nd2 Bd5 23. Bf3 Bxf3 24. Kxf3 a5 25. Rxc8 Rxc8 26. bxa5 Ra8 27. Nb3
Bxa3 28. Rb1 Ke7 29. g4 Bd6 30. g5 e5 31. gxf6+ gxf6 32. fxe5 fxe5 33. Ba1 Bc7
34. Ke4 Ke6 35. Rc1 Bd6 36. Rc6 Kd7 37. Kd5 Bc7 38. Rh6 Bxa5 39. Rxh7+ Kc8 40.
Bxe5 Bd8 41. Kc6 b4 42. Kb5 Nc3+ 43. Kc4 Ra6 44. Nc5 Rc6 45. Ra7 Rxc5+ 46. Kxc5
Bg5 47. Kc6 Kd8 48. Ra8+ Ke7 49. Bd6+ Kf7 50. Bxb4 Nd1 51. e4 Nb2 52. Bc3 Nd3
53. e5 Ke6 54. Re8+ Be7 55. Bd4 Nb4+ 56. Kb5 Nd5 57. Bc5 Nc7+ 58. Kc6 Nxe8 59.
Bxe7 Kxe7 60. Kd5 Nf6+ 1/2-1/2

[Event "Chorzow OPEN FIDE"]
[Site "MDK Chorzow Batory"]
[Date "2010.03.24"]
[Round "5.3"]
[White "Mulet, Piotr"]
[Black "Kuciel, Wladyslaw"]
[Result "1-0"]
[WhiteElo "2352"]
[BlackElo "2066"]
[PlyCount "67"]
[EventDate "2010.??.??"]

1. d4 Nf6 2. c4 e6 3. g3 d5 4. Bg2 Be7 5. Nf3 c5 6. cxd5 exd5 7. O-O O-O 8. Nc3
Ne4 9. dxc5 Nxc3 10. bxc3 Na6 11. Ne5 Bf6 12. f4 Qc7 13. Qxd5 Rd8 14. Qf3 Nxc5
15. Be3 Be6 16. Bd4 Rac8 17. Qf2 Bd5 18. Bxd5 Rxd5 19. Rac1 Qa5 20. Ng4 Be7 21.
Qf3 Ne6 22. e3 b6 23. a4 f6 24. Qe4 Kf7 25. Qxh7 Rh5 26. Qc2 Qd5 27. Qe2 Rch8
28. h4 Nc5 29. Rcd1 Qe6 30. Qf3 f5 31. Ne5+ Kg8 32. Bxc5 Bxc5 33. Rd8+ Bf8 34.
Rfd1 1-0

[Event "Chorzow OPEN FIDE"]
[Site "MDK Chorzow Batory"]
[Date "2010.03.24"]
[Round "5.4"]
[White "Piesik, Piotr"]
[Black "Kaczmarek, Aleksander"]
[Result "1-0"]
[WhiteElo "2273"]
[BlackElo "2009"]
[PlyCount "81"]
[EventDate "2010.??.??"]

1. e4 c6 2. c4 d5 3. exd5 cxd5 4. cxd5 Nf6 5. Qa4+ Nbd7 6. Nc3 g6 7. g3 Bg7 8.
Bg2 O-O 9. d4 Nb6 10. Qb3 e6 11. d6 Nfd5 12. Ne4 f5 13. Bg5 Qe7 14. Nc3 Qxd6
15. Nge2 h6 16. Bd2 a5 17. O-O g5 18. Rac1 Bd7 19. Nxd5 Nxd5 20. Rc5 a4 21. Qc4
Bc6 22. Re1 Nb6 23. Qb4 Bxg2 24. Kxg2 Nd5 25. Qc4 f4 26. Nc3 Nb6 27. Qxe6+ Qxe6
28. Rxe6 fxg3 29. Kxg3 Bxd4 30. Rc7 Rf6 31. Rxf6 Bxf6 32. Rxb7 Nc4 33. Ne4 Bxb2
34. Kg4 Nxd2 35. Nxd2 Bd4 36. Ne4 Rf8 37. f3 Rf4+ 38. Kh5 Bg7 39. Kg6 Rxf3 40.
Rxg7+ Kf8 41. Nf6 1-0

[Event "Chorzow OPEN FIDE"]
[Site "MDK Chorzow Batory"]
[Date "2010.03.24"]
[Round "5.5"]
[White "Swiatloch, Tomasz"]
[Black "Leczycki, Pawel"]
[Result "1/2-1/2"]
[WhiteElo "2113"]
[BlackElo "1989"]
[PlyCount "72"]
[EventDate "2010.??.??"]

1. e4 Nc6 2. d4 d5 3. Nc3 Nf6 4. e5 Nd7 5. f4 Nb6 6. Nf3 Bg4 7. Be3 e6 8. h3
Bh5 9. Bb5 a6 10. Bxc6+ bxc6 11. O-O Nc4 12. Bc1 c5 13. b3 cxd4 14. bxc4 dxc3
15. cxd5 Bc5+ 16. Kh2 Bxf3 17. Rxf3 Qxd5 18. Be3 Bxe3 19. Rxe3 O-O-O 20. Qxd5
Rxd5 21. Rxc3 Rhd8 22. Rb1 Ra5 23. a3 Rd4 24. Rb4 Rxa3 25. Rxc7+ Kxc7 26. Rxd4
Rc3 27. Ra4 Kb6 28. Rb4+ Kc6 29. Rb8 Rc4 30. Kg3 Kd7 31. Rf8 Ke7 32. Ra8 Rc3+
33. Kg4 Rxc2 34. Ra7+ Ke8 35. Ra8+ Kd7 36. Ra7+ Ke8 1/2-1/2

[Event "Chorzow OPEN FIDE"]
[Site "MDK Chorzow Batory"]
[Date "2010.03.24"]
[Round "5.7"]
[White "Widera, Jan"]
[Black "Krasnodebska, Magdalena"]
[Result "1/2-1/2"]
[WhiteElo "2065"]
[BlackElo "2066"]
[PlyCount "92"]
[EventDate "2010.??.??"]

1. e4 c5 2. c4 e6 3. Nc3 d6 4. Nf3 Nf6 5. d4 cxd4 6. Nxd4 Be7 7. Be2 O-O 8. O-O
Nc6 9. Be3 Nxd4 10. Bxd4 b6 11. f4 Bb7 12. Bd3 Nd7 13. Rc1 e5 14. Be3 exf4 15.
Bxf4 Ne5 16. Bxe5 dxe5 17. Nd5 Bc5+ 18. Kh1 Bd4 19. b3 Bc8 20. Qh5 Be6 21. Rf3
f6 22. Rcf1 Rc8 23. Rg3 Kh8 24. Be2 Qe8 25. Qh4 b5 26. Bh5 Bf7 27. Bg4 Be6 28.
Rh3 h6 29. Bxe6 Qxe6 30. cxb5 Rc2 31. Rhf3 Rxa2 32. h3 Ra1 33. Rxa1 Bxa1 34.
Rf1 Bd4 35. Rc1 Qd6 36. Qe1 Qa3 37. Qd1 Rb8 38. Rc7 Rxb5 39. b4 Rb8 40. Kh2 Qb2
41. Rxg7 Kxg7 42. Qg4+ Kh8 43. Qg6 Qd2 44. Qxf6+ Kh7 45. Qf7+ Kh8 46. Qf6+ Kh7
1/2-1/2

[Event "Chorzow OPEN FIDE"]
[Site "MDK Chorzow Batory"]
[Date "2010.03.24"]
[Round "5.8"]
[White "Bezimienny, Daniel"]
[Black "Ociepka, Tomasz"]
[Result "1-0"]
[WhiteElo "1828"]
[BlackElo "1871"]
[PlyCount "81"]
[EventDate "2010.??.??"]

1. e4 c6 2. Nf3 d5 3. d3 Bg4 4. Be2 e6 5. O-O Nf6 6. e5 Nfd7 7. d4 c5 8. c3 Nc6
9. Be3 Qb6 10. b3 cxd4 11. Nxd4 Bxe2 12. Qxe2 Nxd4 13. cxd4 g6 14. Nc3 Be7 15.
Rac1 O-O 16. Rc2 Rfc8 17. Rfc1 Qd8 18. g3 Ba3 19. Rd1 a6 20. Nb1 Rxc2 21. Qxc2
Rc8 22. Qd2 Qe7 23. Bg5 Qf8 24. Qe2 Be7 25. Be3 Rc7 26. Rc1 Qc8 27. Qb2 Rxc1+
28. Bxc1 Bb4 29. a3 Ba5 30. Be3 b5 31. b4 Bd8 32. Nd2 Nb6 33. Nb3 Nc4 34. Qc1
Bb6 35. Bg5 Qf8 36. Nc5 Bxc5 37. bxc5 Qb8 38. Bh6 Na5 39. Qg5 f5 40. Qf6 Qc7
41. Qf8# 1-0

[Event "Chorzow OPEN FIDE"]
[Site "MDK Chorzow Batory"]
[Date "2010.03.24"]
[Round "5.9"]
[White "Czornik, Janusz"]
[Black "Blasiak, Miroslaw"]
[Result "0-1"]
[WhiteElo "1829"]
[BlackElo "2003"]
[PlyCount "50"]
[EventDate "2010.??.??"]

1. e4 e5 2. Nf3 Nc6 3. Bc4 Nf6 4. Qe2 Be7 5. c3 O-O 6. d3 d6 7. Nbd2 Na5 8. Bb5
a6 9. Ba4 b5 10. Bc2 c5 11. h3 Re8 12. Nf1 h6 13. Ng3 Bf8 14. c4 Nc6 15. b3 Bd7
16. O-O Nh7 17. Bb2 Ne7 18. Nh4 Nd5 19. Nhf5 Nf4 20. Qd1 g6 21. Ne3 Qh4 22. Nd5
Nxg2 23. Nc7 Bxh3 24. Nxe8 Rxe8 25. Bc1 Nf4 0-1

[Event "Chorzow OPEN FIDE"]
[Site "MDK Chorzow Batory"]
[Date "2010.03.24"]
[Round "5.10"]
[White "Faron, Rafal"]
[Black "Semik, Tomasz"]
[Result "0-1"]
[WhiteElo "1721"]
[BlackElo "1968"]
[PlyCount "128"]
[EventDate "2010.??.??"]

1. d4 d5 2. c4 c6 3. Nc3 e6 4. Bf4 f5 5. g3 Nf6 6. Bg2 Be7 7. Nf3 O-O 8. c5
Nbd7 9. O-O Nh5 10. Be5 g5 11. b4 g4 12. Ne1 Nxe5 13. dxe5 b6 14. Nd3 Ba6 15.
Rc1 Bc4 16. Nb2 b5 17. Nxc4 bxc4 18. e3 Qc7 19. Qd4 Rfb8 20. Rb1 Bf8 21. h3
gxh3 22. Bxh3 Rb7 23. Kh1 Bg7 24. Qh4 Bxe5 25. Ne2 Qf7 26. g4 Ng7 27. f4 Bf6
28. g5 Be7 29. Nd4 Rc8 30. Rg1 Qg6 31. Nf3 Qh5 32. Qg3 Qe8 33. Ne5 Rcb8 34. g6
hxg6 35. Nxg6 Bf6 36. a3 a5 37. Qe1 Kh7 38. Qd2 axb4 39. axb4 Nh5 40. Qh2 Kh6
41. Rg2 Rg7 42. Ne5 Rbb7 43. Rbg1 Rxg2 44. Rxg2 Rg7 45. Rxg7 Bxg7 46. Qg1 Nf6
47. Qg5+ Kh7 48. Bf1 Ne4 49. Qh4+ Kg8 50. Be2 Bxe5 51. fxe5 Qg6 52. Qd8+ Kg7
53. Qe7+ Kh8 54. Qh4+ Qh7 55. Qxh7+ Kxh7 56. Kg2 Kg6 57. Kf3 Nc3 58. Bd1 Kg5
59. Bc2 Kg6 60. Kf2 Kf7 61. Ke1 Ke7 62. Kf2 Kd7 63. Kf3 Na2 64. b5 cxb5 0-1

[Event "Chorzow OPEN FIDE"]
[Site "MDK Chorzow Batory"]
[Date "2010.03.24"]
[Round "5.17"]
[White "Galyga, Jozef"]
[Black "Jopek, Krzysztof"]
[Result "1-0"]
[WhiteElo "1874"]
[BlackElo "1905"]
[PlyCount "58"]
[EventDate "2010.??.??"]

1. e4 c6 2. d3 d5 3. Nd2 Nd7 4. Ngf3 e5 5. g3 g6 6. Bg2 Bg7 7. O-O Ne7 8. b3
O-O 9. Bb2 d4 10. c3 c5 11. Nc4 Qc7 12. Rc1 b5 13. Ncd2 dxc3 14. Bxc3 Qd6 15.
Qc2 Ba6 16. Rfd1 Rac8 17. Nf1 Bh6 18. Bd2 Bg7 19. Be3 f5 20. b4 f4 21. Bxc5
Nxc5 22. bxc5 Qf6 23. d4 exd4 24. Nxd4 Kh8 25. gxf4 Bh6 26. e5 Qh4 27. Ne6 Qg4
28. Nxf8 Bb7 29. Ne3 Qxf4 1-0

[Event "Chorzow OPEN FIDE"]
[Site "MDK Chorzow Batory"]
[Date "2010.03.24"]
[Round "5.18"]
[White "Klementys, Jerzy"]
[Black "Muc, Zbigniew"]
[Result "1-0"]
[WhiteElo "1809"]
[BlackElo "1835"]
[PlyCount "119"]
[EventDate "2010.??.??"]

1. d4 f5 2. c4 Nf6 3. Nf3 e6 4. g3 Be7 5. Bg2 O-O 6. O-O d6 7. Nc3 Qe8 8. Qc2
Na6 9. a3 c6 10. Rd1 Nc7 11. b3 Rb8 12. Bf4 Qh5 13. h4 Nfe8 14. b4 h6 15. Qc1
Ra8 16. a4 Kh8 17. Rb1 Rg8 18. c5 g5 19. hxg5 hxg5 20. Bxd6 Nxd6 21. cxd6 Bxd6
22. Ne5 Kg7 23. b5 c5 24. Nc4 Be7 25. Qe3 cxd4 26. Rxd4 Ne8 27. Rd3 Bf6 28. Nd6
Nxd6 29. Rxd6 Kg6 30. Rbd1 Bxc3 31. Qxc3 Qxe2 32. Bf3 Qa2 33. R6d4 g4 34. Ra1
Qxa1+ 35. Qxa1 gxf3 36. Qc3 b6 37. Qxf3 Rb8 38. Rh4 Bb7 39. Qe3 Kf7 40. Rh7+
Rg7 41. Rxg7+ Kxg7 42. Qxe6 Rf8 43. f4 Be4 44. g4 Bc2 45. Qe5+ Kg6 46. Qe6+ Kg7
47. Qe5+ Kg6 48. Qe6+ Kg7 49. Qd7+ Rf7 50. Qd4+ Kg6 51. g5 Be4 52. Qd6+ Kg7 53.
Qh6+ Kg8 54. Qe6 Kf8 55. g6 Re7 56. Qf6+ Ke8 57. g7 Bd5 58. Qf8+ Kd7 59. Qxf5+
Be6 60. Qxe6+ 1-0

[Event "Chorzow OPEN FIDE"]
[Site "MDK Chorzow Batory"]
[Date "2010.03.24"]
[Round "5.19"]
[White "Solek, Zenon"]
[Black "Stepniewski, Jerzy"]
[Result "0-1"]
[WhiteElo "1895"]
[BlackElo "1794"]
[PlyCount "62"]
[EventDate "2010.??.??"]

1. e4 g6 2. d4 Bg7 3. c3 d6 4. Bd3 Nd7 5. Ne2 e5 6. O-O Ne7 7. f4 exd4 8. cxd4
O-O 9. f5 Nc6 10. Bc2 Nb6 11. Nbc3 Nb4 12. Bb3 Nc6 13. Be3 Na5 14. Qd2 Nac4 15.
Qc1 Nxe3 16. Qxe3 c6 17. Qf4 d5 18. f6 Bh8 19. Qh4 Be6 20. Rf4 dxe4 21. Nxe4
Nd5 22. Ng5 h5 23. Nxe6 fxe6 24. Bxd5 Qxd5 25. Raf1 Rf7 26. R4f3 Raf8 27. g4
Qe4 28. Rf4 Qxe2 29. Qg5 Qe3+ 30. Kh1 Rxf6 31. gxh5 Rxf4 0-1

[Event "Chorzow OPEN FIDE"]
[Site "MDK Chorzow Batory"]
[Date "2010.03.24"]
[Round "5.20"]
[White "Buchowski, Adam"]
[Black "Kurzok, Zenon"]
[Result "0-1"]
[WhiteElo "1873"]
[BlackElo "1682"]
[PlyCount "96"]
[EventDate "2010.??.??"]

1. c4 Nf6 2. Nc3 d6 3. d4 g6 4. e4 Nbd7 5. Be2 Bg7 6. Be3 O-O 7. h4 h5 8. Nh3
c5 9. d5 Ne5 10. f3 Bd7 11. Qd2 Re8 12. Ng5 a6 13. Kf2 Rf8 14. Nh3 Re8 15. Ng5
Rf8 16. Rag1 Qc8 17. Qd1 Rb8 18. a4 b6 19. b3 Re8 20. Bd2 Rf8 21. Nh3 Kh7 22.
Nf4 Kg8 23. Nd3 Nh7 24. Nxe5 Bxe5 25. g4 Bd4+ 26. Kf1 Bxg1 27. Rxg1 hxg4 28.
fxg4 f5 29. gxf5 Bxf5 30. Bh6 Bh3+ 31. Ke1 Rf6 32. e5 dxe5 33. Ne4 Qf5 34.
Nxf6+ Qxf6 35. Bg5 Nxg5 36. Rxg5 Rf8 37. Kd2 Qf4+ 38. Kc2 Bf5+ 39. Kb2 Qxh4 40.
Rg2 Qd4+ 41. Ka3 Qxd1 42. Bxd1 a5 43. Kb2 Kg7 44. Kc3 Rh8 45. Rg3 Rh3 46. Rxh3
Bxh3 47. Kd3 Kf6 48. Ke3 Bf5 0-1

[Event "Chorzow OPEN FIDE"]
[Site "MDK Chorzow Batory"]
[Date "2010.03.24"]
[Round "5.21"]
[White "Mirek, Lukasz"]
[Black "Tomanek, Jerzy"]
[Result "0-1"]
[WhiteElo "1643"]
[BlackElo "1866"]
[PlyCount "112"]
[EventDate "2010.??.??"]

1. e4 e6 2. d4 d5 3. exd5 exd5 4. Bd3 Nf6 5. h3 Bd6 6. Qf3 O-O 7. Ne2 h6 8. O-O
Be6 9. Re1 Nbd7 10. Bf4 Bxf4 11. Nxf4 c6 12. Nxe6 fxe6 13. Rxe6 Ne4 14. Qg4
Nxf2 15. Qg6 Nxd3 16. Qxd3 Qg5 17. Nd2 Nf6 18. Rae1 Rae8 19. Rxe8 Rxe8 20.
Rxe8+ Nxe8 21. g4 Nf6 22. Nf3 Qc1+ 23. Kg2 Ne4 24. b3 Qf4 25. Kf1 Qg3 26. Qe2
Qxh3+ 27. Qg2 Ng3+ 28. Kf2 Qxg2+ 29. Kxg2 Ne2 30. Kh3 Kf7 31. a4 Ke6 32. Kg2
Nc3 33. Kg3 Nd1 34. Kf4 g5+ 35. Kg3 Ne3 36. Ne1 Kf6 37. Kf3 Nd1 38. Ng2 Nc3 39.
Ne3 Ne4 40. Nf5 h5 41. Ne3 hxg4+ 42. Nxg4+ Kf5 43. Nh6+ Kg6 44. Ng4 Kh5 45. Ne5
Nf6 46. Kg3 Ne4+ 47. Kh3 Nd6 48. a5 a6 49. Nd7 g4+ 50. Kg2 Nb5 51. Nc5 Nxd4 52.
c3 Nb5 53. Nxb7 Nxc3 54. Nc5 d4 55. Nd3 Nd5 56. Kg3 Kg5 0-1

[Event "Chorzow OPEN FIDE"]
[Site "MDK Chorzow Batory"]
[Date "2010.03.24"]
[Round "5.22"]
[White "Richter, Bronislaw"]
[Black "Bogacki, Henryk"]
[Result "1-0"]
[WhiteElo "1834"]
[BlackElo "1615"]
[PlyCount "33"]
[EventDate "2010.??.??"]

1. d4 e5 2. dxe5 Nc6 3. Nf3 Qe7 4. Nc3 Nxe5 5. Nxe5 Qxe5 6. Qd5 Qe7 7. Bg5 f6
8. Bf4 c6 9. Qd4 d5 10. O-O-O Bd7 11. e4 dxe4 12. Nxe4 Qf7 13. Bc4 Be6 14. Rhe1
Be7 15. Nd6+ Bxd6 16. Qxd6 Ne7 17. Bxe6 1-0

[Event "Chorzow OPEN FIDE"]
[Site "MDK Chorzow Batory"]
[Date "2010.03.24"]
[Round "5.23"]
[White "Kostowski, Andrzej"]
[Black "Czornik, Adam"]
[Result "1-0"]
[WhiteElo "1774"]
[BlackElo "1766"]
[PlyCount "73"]
[EventDate "2010.??.??"]

1. d4 Nf6 2. c4 g6 3. Nc3 d5 4. c5 Bg7 5. h3 O-O 6. Nf3 b6 7. cxb6 axb6 8. e3
Bb7 9. Be2 c5 10. O-O Nc6 11. Bd2 Re8 12. Bb5 e6 13. Ne5 Qc7 14. Rc1 Re7 15.
Nxc6 Bxc6 16. Bxc6 Qxc6 17. a4 Rea7 18. b3 Ne8 19. Nb5 Ra6 20. Qc2 Bf8 21. Ra1
Nd6 22. Nxd6 Qxd6 23. Rfc1 Rc8 24. Qd3 Ra7 25. g3 Rac7 26. Qb5 c4 27. e4 c3 28.
Bf4 Qd8 29. Bxc7 Qxc7 30. e5 Bh6 31. Rc2 Bd2 32. Rd1 Qd8 33. Qd3 Qg5 34. Rdxd2
cxd2 35. Rxc8+ Kg7 36. Rc2 Qf5 37. Rxd2 1-0